Secrets of Leadership (Record no. 225989)

MARC details
000 -LEADER
fixed length control field 00457nam a2200193Ia 4500
008 - FIXED-LENGTH DATA ELEMENTS--GENERAL INFORMATION
fixed length control field 240823s9999||||xx |||||||||||||| ||und||
020 ## - INTERNATIONAL STANDARD BOOK NUMBER
International Standard Book Number 978-81-223-0802-0
082 ## - DEWEY DECIMAL CLASSIFICATION NUMBER
-- 658.4 Q3
100 ## - MAIN ENTRY--PERSONAL NAME
Personal name Luis S R Vas and Anita S R Vas
245 #0 - TITLE STATEMENT
Title Secrets of Leadership
250 ## - EDITION STATEMENT
Edition statement 1st
260 ## - PUBLICATION, DISTRIBUTION, ETC. (IMPRINT)
Date of publication, distribution, etc 2013
Name of publisher, distributor, etc "Pustak Mahal,"
500 ## - GENERAL NOTE
General note YES
650 ## - SUBJECT ADDED ENTRY--TOPICAL TERM
Topical term or geographic name as entry element General
942 ## - ADDED ENTRY ELEMENTS (KOHA)
Item type Books
Holdings
Withdrawn status Lost status Damaged status Permanent location Current location Date acquired Source of acquisition Cost, normal purchase price Full call number Barcode Date last seen Koha item type
      CENTRAL LIBRARY, NOORUL ISLAM CENTRE FOR HIGHER EDUCATION CENTRAL LIBRARY, NOORUL ISLAM CENTRE FOR HIGHER EDUCATION 01/25/2017 "Book On Wheels, Tirunelveli" 120.00 658.4 Q3 74650 12/05/2025 Books
Visitors:
Copyright © 2024 Central Library NICHE.  All rights reserved.